| 000 | 00364nam a22001577a 4500 | ||
|---|---|---|---|
| 005 | 20160916114344.0 | ||
| 008 | 160916b xxu||||| |||| 00| 0 eng d | ||
| 020 | _a978-0-07-026068-9 | ||
| 041 | _aeng | ||
| 100 |
_aDUGGAL,S.K _93553 |
||
| 245 | _aDESIGN OF STEEL STRUCTURES | ||
| 260 |
_bTMH _c2015 |
||
| 300 | _a831 | ||
| 650 |
_aENGINEERING _93584 |
||
| 942 | _cBK | ||
| 999 |
_c5259 _d5257 |
||